000 00306nam a22001337a 4500
008 170714b xxu||||| |||| 00| 0 eng d
020 _a9780070525603
041 _aeng
080 _23RD
_a038
100 _a24
101 _aFJA
245 _aTHE ELEMENTS OF MORAL PHILOSOPHY
_cRACHELS,J
942 _2udc
_cBK
999 _c20918
_d20918